Slovensko přitahuje investice do center sdílených služeb
Slovensko je dnes jednou z investične najpríťažlivejších krajín pre budovanie centier zdieľaných služieb. Aká je situácia slovenských centier z hľadiska ľudských zdrojov. Agentúra SARIO v súčasnosti eviduje 27 spoločností, ktoré majú na Slovensku centrum zdieľaných služieb. Väčšina z nich sídli v Br...
Enregistré dans:
| Auteur principal: | |
|---|---|
| Format: | Chapitre de livre |
| Langue: | tchèque |
| Sujets: | |
| Tags: |
Pas de tags, Soyez le premier à ajouter un tag!
|
MARC
| LEADER | 00000naa$a2200000$$$4500 | ||
|---|---|---|---|
| 001 | 0090030 | ||
| 005 | 20231113131314.8 | ||
| 041 | 0 | |a cze | |
| 044 | |a CZ | ||
| 245 | 1 | 0 | |a Slovensko přitahuje investice do center sdílených služeb |c Tomáš Gil |
| 520 | |a Slovensko je dnes jednou z investične najpríťažlivejších krajín pre budovanie centier zdieľaných služieb. Aká je situácia slovenských centier z hľadiska ľudských zdrojov. Agentúra SARIO v súčasnosti eviduje 27 spoločností, ktoré majú na Slovensku centrum zdieľaných služieb. Väčšina z nich sídli v Bratislave a v Košiciach. Najviac centier sa na Slovensku zaoberá zákazníckou podporou a predajom. Najväčšie centrá vybudovali spoločnosti z IT a telekomunikácií. | ||
| 610 | 2 | 0 | |a firmy |
| 610 | 2 | 0 | |a zdroje ľudské |
| 610 | 2 | 0 | |a služby |
| 610 | 2 | 0 | |a nábor pracovníkov |
| 610 | 2 | 0 | |a zabezpečenie personálne |
| 100 | 1 | |a Gil, Tomáš | |